000 00507nam a2200157 4500
001 116785
003 ES-MaACL
005 20230906190752.0
007 t|
008 061121s1960 sp r ||||1| spa d
100 1 _aPascual, Juan Antonio.
_989358
245 1 0 _aHacia la renovación del hombre
_b: reflexiones teológico litúrgicas sobre el Sacramento del Bautismo /
_cJuan Antonio Pascual.
260 _aMadrid :
_bStudium,
_c1960.
300 _a94 p. ;
_c19 cm.
852 _aES-MaACL
_jC-19749
_bR.47410
999 _c116785
_d116785